| 000 | 00448nam a22001337a 4500 | ||
|---|---|---|---|
| 008 | 170302b xxu||||| |||| 00| 0 eng d | ||
| 050 | _aK12.E3575(1981-82 Vol. 1-2 ). | ||
| 245 |
_aLegal Studies: The Journal of the Society of Public Teachers of the Law. / _cedited by J. A. Andrews. |
||
| 260 |
_aLondon: _bButterworth, _c1981-82. |
||
| 300 |
_aiv, 342p, 328p.: _c24cm |
||
| 440 |
_vvol.1-2 _x02613875 |
||
| 800 | _aAndrews, J. A. | ||
| 942 |
_2lcc _cBK |
||
| 999 |
_c6306 _d13806 |
||